000 00461nam a2200205Ia 4500
001 1395
003 GE_BSU
008 181216s||||||||xx |||||||||||||| ||und||
020 _a111426775
040 _cGE_BSU
080 _a519.6
100 _aSTEWART, JAMES.
245 _aMULTIVARIABLE CALCULUS.
260 _c2012?
300 _a981c.
541 _h350 G.
653 _aMULTIVARIABLE CALCULUS
653 _aმათემატიკა
942 _cBK
999 _c35534
_d35534